000
00221nam a2200085Ia 4500
008
120527s9999 xx 000 0 und d
100
_a
Moore &Elkin
245
_a
Labor and Economics: an introduction to analysis
942
_c
BK
999
_c
27278
_d
27278